000 00684nam a2200193 a 4500
001 000034386
005 20200930073654.0
008 111004s2001 es 000 0 spa d
020 _a84-7953-448-6
040 _aDO-SdBNP
_bspa
_cBNPHU
100 1 _aLundin, Stephen C.
_d1941-
_959806
240 1 0 _aTít. orig.: Fish!
245 1 0 _aFish :
_bla eficacia de un equipo radica en su capacidad de motivación /
_cStephen C. Lundin, Harry Paul y John Christensen ; traducción: Mila Martínez Giner.
260 _aBarcelona :
_bEdiciones Urano,
_c2001.
300 _a122 p. ;
_c22 cm.
700 1 _aPaul, Harry
_d1950-
_959807
700 1 _aChristensen, John,
_d1959-
_959808
049 _aBNPD
999 _c33877
_d33877